00349nam a2200109Ia 4500008004100000082000800041100001600049245005400065942000600119952009900125999001500224240331s9999 xx 000 0 und d bFER aFernando ,V 4aThe Migrant Housemaid :bVol.28, No.2-August 1989 cL 001040708LaWERCLbWERCLcSSCd2024-03-31l0o 331.127 FERp5799r2024-03-31w2024-03-31yL c5443d5443